00505nam a2200157Ia 45000030006000000080041000060400015000471000045000622450057001072600009001645460012001739420012001859990017001970050017002149520116002310STCL150530s9999 xx 000 0 und d aSTCLcSTCL aSuperintendent Government printing India aCalcutta university commission 1917-19 Report Vol IX c1919 aEnglish 2ddccBK c15138d1513820220125165725.0 00102ddc4070aSTCALbSTCALcGENd2015-05-30g5.00l0o348.041-13p41648r2015-05-30 00:00:00w2015-05-30yBK